000 00629nam a2200217 u 4500
005 20241024063725.0
008 120621s2007 r 000 0 eng d
020 _a9789707706026
035 _aUPN01000185249
049 _aCG
050 4 _aPQ7797 C6
_bC3.7
100 1 _aCortázar, Julio,
_d1914-1984
245 1 0 _aCasa tomada y otros cuentos /
_cJulio Cortázar ; pról. Luisa Valenzuela.
260 _aMéxico :
_bAlfaguara,
_c2007.
300 _a188 p.
440 0 _aAlfaguara.
_pRoja
650 4 _aCuentos argentinos
_912203
650 0 _aLiteratura argentina
_ySiglo XX
_9912
905 _aLibro
999 _c157352
_d157352